[Event "IECG CM.2008.0.00321"]
[Site "IECG email"]
[Date "2008.08.21"]
[Round "1"]
[White "Hansson, Christian"]
[Black "Soley, A Kerim"]
[Result "1/2-1/2"]
[WhiteElo "2367"]
[BlackElo "2289"]
[PlyCount "46"]
[EventDate "2008.08.21"]
[EventType "tourn (corr)"]
[EventRounds "6"]
[SourceTitle "Corr 2024"]
[Source "ChessBase"]
[SourceDate "2023.10.19"]
[SourceVersion "1"]
[SourceVersionDate "2023.10.19"]
[SourceQuality "1"]

1. f4 Nf6 2. Nf3 d5 3. e3 g6 4. Be2 Bg7 5. 0-0 0-0 6. Ne5 c5 7. Bf3 Be6 8. b3 Nfd7 9. d4 Nxe5 10. dxe5 f6 11. Bb2 fxe5 12. Bxe5 Bxe5 13. fxe5 Nc6 14. Nc3 d4 15. Na4 Qc7 16. Nxc5 Qxe5 17. exd4 Nxd4 18. Nxe6 Nxf3+ 19. Rxf3 Rxf3 20. gxf3 Qxe6 21. Qd2 Qb6+ 22. Qf2 Qc7 23. c4 Qf4 1/2-1/2

[Event "IECG CM.2008.0.00321"]
[Site "IECG email"]
[Date "2008.08.21"]
[Round "1"]
[White "Soley, A Kerim"]
[Black "Dikmen, Ali"]
[Result "1/2-1/2"]
[WhiteElo "2289"]
[BlackElo "2254"]
[PlyCount "74"]
[EventDate "2008.08.21"]
[EventType "tourn (corr)"]
[EventRounds "6"]
[SourceTitle "Corr 2024"]
[Source "ChessBase"]
[SourceDate "2023.10.19"]
[SourceVersion "1"]
[SourceVersionDate "2023.10.19"]
[SourceQuality "1"]

1. e4 c5 2. Nf3 e6 3. d4 cxd4 4. Nxd4 Nc6 5. Nc3 Qc7 6. Be3 a6 7. Qd2 Nf6 8. 0-0-0 Bb4 9. f3 Ne5 10. Nb3 b5 11. Qe1 Nc4 12. Bd4 0-0 13. e5 Bxc3 14. Bxc3 Nd5 15. Bd4 Bb7 16. Nc5 Rac8 17. Bxc4 bxc4 18. Ne4 Ba8 19. Nd6 Rb8 20. a3 f6 21. Qg3 f5 22. Qe1 Ne7 23. h4 Nd5 24. h5 h6 25. Rh4 a5 26. Qd2 Qd8 27. Rdh1 c3 28. Bxc3 Nxc3 29. Qxc3 Qg5+ 30. Qd2 Qxd2+ 31. Kxd2 Rxb2 32. Ra4 Bc6 33. Rxa5 Rfb8 34. Ra7 Ra2 35. Kc3 g6 36. hxg6 Kg7 37. Rd1 Kxg6 1/2-1/2

[Event "IECG CM.2008.0.00321"]
[Site "IECG email"]
[Date "2008.08.21"]
[Round "?"]
[White "Soley, A Kerim"]
[Black "Van Seben, Edgar"]
[Result "1/2-1/2"]
[WhiteElo "2289"]
[BlackElo "2352"]
[PlyCount "45"]
[EventDate "2008.08.21"]
[EventType "tourn (corr)"]
[EventRounds "6"]
[SourceTitle "Corr 2024"]
[Source "ChessBase"]
[SourceDate "2023.10.19"]
[SourceVersion "1"]
[SourceVersionDate "2023.10.19"]
[SourceQuality "1"]

1. e4 Nf6 2. e5 Nd5 3. d4 d6 4. Nf3 Bg4 5. Be2 c6 6. 0-0 Bxf3 7. Bxf3 dxe5 8. dxe5 e6 9. c4 Ne7 10. Qxd8+ Kxd8 11. Bd2 Ng6 12. Re1 Nd7 13. Bc3 a5 14. a3 Nb6 15. b3 a4 16. Bd4 c5 17. Bc3 Kc7 18. Bd1 Be7 19. Ra2 Rhd8 20. Bc2 axb3 21. Bxb3 Na4 22. Ba1 Nh4 23. Rd1 1/2-1/2

[Event "IECG CM.2006.0.00307 email"]
[Site "IECG email"]
[Date "2006.11.08"]
[Round "?"]
[White "Depasse, Jean Marc"]
[Black "Soley, A Kerim"]
[Result "1-0"]
[WhiteElo "2283"]
[BlackElo "2290"]
[PlyCount "77"]
[EventDate "2006.11.08"]
[EventType "tourn (corr)"]
[EventRounds "6"]
[SourceTitle "Corr 2011"]
[Source "ChessBase"]
[SourceDate "2010.08.31"]
[SourceVersion "1"]
[SourceVersionDate "2010.08.31"]
[SourceQuality "1"]

1. e4 c5 2. c3 Nf6 3. e5 Nd5 4. Nf3 Nc6 5. Bc4 Nb6 6. Bb3 g6 7. d4 cxd4 8. Ng5 e6 9. Ne4 f5 10. Nd6+ Bxd6 11. exd6 0-0 12. 0-0 f4 13. g3 fxg3 14. fxg3 a5 15. a4 Nd5 16. Bxd5 exd5 17. Na3 Rxf1+ 18. Qxf1 b6 19. Bh6 Ba6 20. Nb5 Bxb5 21. axb5 Ne5 22. Qg2 Nf7 23. Qxd5 Rc8 24. Re1 Qf6 25. Re7 dxc3 26. Qc4 Rb8 27. bxc3 Qf5 28. Be3 h5 29. h3 Kf8 30. Qd4 g5 31. g4 Qb1+ 32. Kg2 Qxb5 33. gxh5 Qe2+ 34. Kg3 Qxh5 35. Qf6 a4 36. Rxd7 Re8 37. Re7 Rxe7 38. Qxe7+ Kg8 39. d7 1-0

[Event "IECG CM.2005.0.00287"]
[Site "IECG email"]
[Date "2005.10.09"]
[Round "?"]
[White "Lemanczyk, Thomas"]
[Black "Soley, A Kerim"]
[Result "1/2-1/2"]
[WhiteElo "2248"]
[BlackElo "2229"]
[PlyCount "89"]
[EventDate "2005.10.09"]
[EventType "tourn (corr)"]
[EventRounds "6"]
[SourceTitle "Corr 2008"]
[Source "ChessBase"]
[SourceDate "2008.06.24"]
[SourceVersion "1"]
[SourceVersionDate "2008.06.24"]
[SourceQuality "1"]

1. d4 Nf6 2. Nf3 e6 3. g3 c5 4. Bg2 cxd4 5. Nxd4 d5 6. 0-0 e5 7. Nb3 Be6 8. Nc3 Bb4 9. f4 Qb6+ 10. Kh1 Bxc3 11. bxc3 Nc6 12. a4 0-0 13. f5 Bc8 14. a5 Qc7 15. g4 Rd8 16. Bg5 e4 17. Bxf6 gxf6 18. Qd2 Ne5 19. Qh6 Nxg4 20. Qh4 Ne3 21. Rf4 Nxg2 22. Rg4+ Kf8 23. Qxf6 Qd6 24. Qg7+ Ke7 25. Rxg2 Bd7 26. Qd4 Rdc8 27. Rf1 Rc4 28. f6+ Kd8 29. Qg1 Kc7 30. Rg7 Rf8 31. Qxa7 Rxc3 32. Rb1 Qa6 33. Qf2 e3 34. Qf3 Rxc2 35. Nd4 Rc4 36. Qf4+ Kc8 37. Rbg1 Qxa5 38. Rg8 Qc5 39. Qe5 b6 40. Rxf8+ Qxf8 41. Qxd5 Qc5 42. Qa8+ Kc7 43. Qa7+ Kd6 44. Qb8+ Qc7 45. Qf8+ 1/2-1/2

[Event "IECG CM.2005.0.00287"]
[Site "IECG email"]
[Date "2005.10.09"]
[Round "?"]
[White "Soley, A Kerim"]
[Black "Petrov, Milen Stoyanov"]
[Result "1/2-1/2"]
[WhiteElo "2229"]
[BlackElo "2235"]
[PlyCount "41"]
[EventDate "2005.10.09"]
[EventType "tourn (corr)"]
[EventRounds "6"]
[SourceTitle "Corr 2008"]
[Source "ChessBase"]
[SourceDate "2008.06.24"]
[SourceVersion "1"]
[SourceVersionDate "2008.06.24"]
[SourceQuality "1"]

1. e4 c5 2. Nc3 Nc6 3. f4 g6 4. Nf3 Bg7 5. Bb5 Nd4 6. 0-0 Nxb5 7. Nxb5 d5 8. e5 d4 9. c3 a6 10. Na3 b5 11. cxd4 cxd4 12. Nc2 d3 13. Ne3 Nh6 14. b3 0-0 15. Bb2 f6 16. Nd4 fxe5 17. fxe5 Bd7 18. Rxf8+ Qxf8 19. Qb1 Bxe5 20. Qxd3 Rd8 21. Qe4 1/2-1/2

[Event "IECG CM.2005.0.00285"]
[Site "IECG email"]
[Date "2005.08.28"]
[Round "?"]
[White "Monasterio, Manuel Gerardo"]
[Black "Soley, A Kerim"]
[Result "0-1"]
[WhiteElo "2265"]
[BlackElo "2232"]
[PlyCount "54"]
[EventDate "2005.08.28"]
[EventType "tourn (corr)"]
[EventRounds "6"]
[SourceTitle "Corr 2008"]
[Source "ChessBase"]
[SourceDate "2008.06.24"]
[SourceVersion "1"]
[SourceVersionDate "2008.06.24"]
[SourceQuality "1"]

1. e4 c5 2. Nf3 Nc6 3. d4 cxd4 4. Nxd4 Nf6 5. Nc3 e5 6. Ndb5 d6 7. Nd5 Nxd5 8. exd5 Nb8 9. c4 a6 10. Nc3 Be7 11. Be2 0-0 12. 0-0 f5 13. f4 Bf6 14. Kh1 Nd7 15. a4 e4 16. Be3 b6 17. Qc2 Qe7 18. a5 bxa5 19. Rxa5 Rb8 20. Ra3 Re8 21. Rb1 Bb7 22. g4 Bh4 23. b4 Nf6 24. g5 Ng4 25. Bxg4 fxg4 26. Ne2 Rbc8 27. Nd4 Bxd5 0-1

[Event "IECG CM.2005.0.00273 email"]
[Site "IECG email"]
[Date "2005.04.03"]
[Round "?"]
[White "Soley, A Kerim"]
[Black "Unni, Sankaran"]
[Result "1-0"]
[WhiteElo "2212"]
[BlackElo "2212"]
[PlyCount "85"]
[EventDate "2005.04.03"]
[EventType "tourn (corr)"]
[EventRounds "6"]
[SourceTitle "Corr 2008"]
[Source "ChessBase"]
[SourceDate "2008.06.24"]
[SourceVersion "1"]
[SourceVersionDate "2008.06.24"]
[SourceQuality "1"]

1. e4 c5 2. Nf3 d6 3. d4 cxd4 4. Nxd4 Nf6 5. Nc3 Nc6 6. Bg5 a6 7. Bxf6 gxf6 8. Qd2 h5 9. f4 e6 10. 0-0-0 Qc7 11. Kb1 Bd7 12. Nb3 0-0-0 13. Qe3 Kb8 14. Be2 h4 15. Rd2 Bc8 16. Rhd1 Be7 17. Na4 b5 18. Nc3 Bb7 19. a3 b4 20. axb4 Nxb4 21. Bf3 Rc8 22. f5 e5 23. Qg1 h3 24. g3 Rcd8 25. Qf2 Bc6 26. Qf1 Qb6 27. Be2 Ka7 28. Bc4 Rh7 29. Nd5 Nxd5 30. Rxd5 Bxd5 31. Rxd5 Ra8 32. Bxa6 Qxa6 33. Ra5 Kb6 34. Rxa6+ Rxa6 35. Qc4 Ra7 36. Qb4+ Kc7 37. Na5 Rh8 38. Qc4+ Kb6 39. Qc6+ Kxa5 40. b4+ Kxb4 41. Qb6+ Kc3 42. Qxa7 Bd8 43. Kc1 1-0

[Event "IECG CM.2005.0.00272 email"]
[Site "IECG email"]
[Date "2005.03.16"]
[Round "?"]
[White "Bourgault, Pierre"]
[Black "Soley, A Kerim"]
[Result "1/2-1/2"]
[WhiteElo "2222"]
[BlackElo "2212"]
[PlyCount "119"]
[EventDate "2005.03.16"]
[EventType "tourn (corr)"]
[EventRounds "6"]
[SourceTitle "Corr 2008"]
[Source "ChessBase"]
[SourceDate "2008.06.24"]
[SourceVersion "1"]
[SourceVersionDate "2008.06.24"]
[SourceQuality "1"]

1. e4 c5 2. Ne2 Nf6 3. d3 Nc6 4. f4 d5 5. e5 Ng4 6. Ng3 g6 7. c3 Bg7 8. Be2 h5 9. Bf3 Be6 10. 0-0 Rc8 11. Na3 Qd7 12. Ne2 d4 13. Nc2 h4 14. h3 Nh6 15. Bxc6 Qxc6 16. cxd4 Nf5 17. Rf3 Rd8 18. dxc5 Bd5 19. Rf2 Qxc5 20. Nc3 Bc6 21. d4 Qb6 22. b4 0-0 23. b5 Bd7 24. Ba3 Bxb5 25. Rb1 a6 26. Qe1 Rfe8 27. Bc5 Qc6 28. a4 Bc4 29. a5 Rd7 30. Nb4 Qc7 31. Bb6 Qb8 32. Ne4 e6 33. Qd1 Rc8 34. Rd2 Ng3 35. Nc5 Re7 36. Rc1 Bb5 37. d5 Bh6 38. Qg4 exd5 39. Re1 Rec7 40. Qxh4 Nf5 41. Qf2 d4 42. g4 Rxc5 43. Bxc5 Rxc5 44. gxf5 Qc8 45. fxg6 Qxh3 46. gxf7+ Kxf7 47. Qh2 Qxh2+ 48. Rxh2 Bg7 49. Rd2 Rc4 50. Nd5 d3 51. e6+ Ke8 52. Rg2 Bd4+ 53. Kh1 Kf8 54. Rd1 Rc5 55. e7+ Kf7 56. Rg5 Bc6 57. Rxd3 Bxd5+ 58. Kh2 Rc2+ 59. Kh3 Be6+ 60. f5 1/2-1/2

[Event "IECG CM.2005.0.00272 email"]
[Site "IECG email"]
[Date "2005.03.16"]
[Round "?"]
[White "Hansen, John"]
[Black "Soley, A Kerim"]
[Result "0-1"]
[WhiteElo "2207"]
[BlackElo "2212"]
[PlyCount "80"]
[EventDate "2005.03.16"]
[EventType "tourn (corr)"]
[EventRounds "6"]
[SourceTitle "Corr 2008"]
[Source "ChessBase"]
[SourceDate "2008.06.24"]
[SourceVersion "1"]
[SourceVersionDate "2008.06.24"]
[SourceQuality "1"]

1. e4 c5 2. Nc3 Nc6 3. Nf3 Nf6 4. d4 cxd4 5. Nxd4 e5 6. Ndb5 d6 7. Bg5 a6 8. Bxf6 gxf6 9. Na3 b5 10. Nd5 f5 11. c3 Bg7 12. exf5 Bxf5 13. Nc2 0-0 14. Nce3 Be6 15. Bd3 f5 16. 0-0 Ra7 17. f4 Ne7 18. Bc2 Nxd5 19. Nxd5 a5 20. a3 Kh8 21. Qd2 Bh6 22. g3 Rg7 23. Rad1 Qh4 24. Ne3 Bxf4 25. Ng2 Bxd2 26. Nxh4 Be3+ 27. Kg2 f4 28. Rxd6 Bc4 29. Re1 Bc5 30. Rd2 Rgf7 31. Be4 fxg3 32. Nf3 gxh2 33. b4 axb4 34. cxb4 Bb6 35. Nxh2 Bd4 36. Rc2 Rf4 37. Bb7 Rb8 38. Bc6 Rc8 39. Bf3 Bf1+ 40. Rxf1 Rxc2+ 0-1

[Event "IECG CM.2005.0.00272 email"]
[Site "IECG email"]
[Date "2005.03.16"]
[Round "?"]
[White "Soley, A Kerim"]
[Black "Daus, Peter"]
[Result "1/2-1/2"]
[WhiteElo "2212"]
[BlackElo "2215"]
[PlyCount "29"]
[EventDate "2005.03.16"]
[EventType "tourn (corr)"]
[EventRounds "6"]
[SourceTitle "Corr 2008"]
[Source "ChessBase"]
[SourceDate "2008.06.24"]
[SourceVersion "1"]
[SourceVersionDate "2008.06.24"]
[SourceQuality "1"]

1. e4 e5 2. Nf3 Nc6 3. Bb5 a6 4. Bxc6 dxc6 5. 0-0 Bg4 6. h3 h5 7. d3 Qf6 8. Be3 Bxf3 9. Qxf3 Qxf3 10. gxf3 Ne7 11. f4 exf4 12. Bxf4 0-0-0 13. Nd2 g5 14. Be3 Rg8 15. f3 1/2-1/2

[Event "IECG CM.2005.0.00272 email"]
[Site "IECG email"]
[Date "2005.03.16"]
[Round "?"]
[White "Soley, A Kerim"]
[Black "Krzesaj, Robert"]
[Result "1-0"]
[WhiteElo "2212"]
[BlackElo "2216"]
[PlyCount "45"]
[EventDate "2005.03.16"]
[EventType "tourn (corr)"]
[EventRounds "6"]
[SourceTitle "Corr 2008"]
[Source "ChessBase"]
[SourceDate "2008.06.24"]
[SourceVersion "1"]
[SourceVersionDate "2008.06.24"]
[SourceQuality "1"]

1. e4 c5 2. Nf3 d6 3. d4 cxd4 4. Nxd4 Nf6 5. Nc3 a6 6. Bg5 e6 7. f4 Qc7 8. Qf3 b5 9. Bd3 Be7 10. Bxf6 Bxf6 11. e5 Bb7 12. Be4 dxe5 13. Bxb7 exd4 14. Nxb5 axb5 15. Bxa8 d3 16. c3 b4 17. 0-0 bxc3 18. bxc3 d2 19. f5 Qc5+ 20. Kh1 Qxc3 21. Rad1 0-0 22. fxe6 fxe6 23. Qe2 1-0

[Event "IECG CA.2004.0.00138 email"]
[Site "IECG email"]
[Date "2004.10.25"]
[Round "?"]
[White "Whitmarsh, Jerry"]
[Black "Soley, A Kerim"]
[Result "0-1"]
[WhiteElo "2025"]
[BlackElo "2080"]
[PlyCount "68"]
[EventDate "2004.10.01"]
[EventType "tourn (corr)"]
[EventRounds "6"]
[SourceTitle "Corr 2008"]
[Source "ChessBase"]
[SourceDate "2008.06.24"]
[SourceVersion "1"]
[SourceVersionDate "2008.06.24"]
[SourceQuality "1"]

1. b4 e5 2. Bb2 Bxb4 3. Bxe5 Nf6 4. e3 0-0 5. c4 d5 6. cxd5 Nxd5 7. Nf3 Re8 8. Bb2 Bg4 9. Be2 Nd7 10. 0-0 c6 11. a3 Bd6 12. Nc3 N5f6 13. d4 Nb6 14. h3 Bxf3 15. Bxf3 Bc7 16. Qd3 Qd6 17. g3 h5 18. e4 Rad8 19. Rad1 Qe6 20. Bg2 Nc4 21. Bc1 b5 22. d5 Qe7 23. Qf3 h4 24. dxc6 Rxd1 25. Rxd1 hxg3 26. Bg5 gxf2+ 27. Kf1 Qc5 28. Nd5 Nxe4 29. Qxe4 Rxe4 30. Bxe4 Kh8 31. Rd3 Qxc6 32. Kxf2 Qe6 33. Rd4 Bg3+ 34. Kf3 Qxh3 0-1

[Event "IECG CA.2004.0.00121 email"]
[Site "IECG email"]
[Date "2004.04.23"]
[Round "?"]
[White "Soley, A Kerim"]
[Black "Zhitnikov, Andrew"]
[Result "1-0"]
[WhiteElo "2014"]
[BlackElo "2094"]
[PlyCount "79"]
[EventDate "2004.04.23"]
[EventType "tourn (corr)"]
[EventRounds "6"]
[SourceTitle "Corr 2008"]
[Source "ChessBase"]
[SourceDate "2008.06.24"]
[SourceVersion "1"]
[SourceVersionDate "2008.06.24"]
[SourceQuality "1"]

1. e4 d6 2. d4 Nf6 3. Nc3 g6 4. f4 Bg7 5. Nf3 0-0 6. Bd3 Nc6 7. 0-0 Bg4 8. e5 Ne8 9. Be4 a6 10. Be3 e6 11. Bxc6 bxc6 12. h3 Bxf3 13. Qxf3 Qd7 14. Rad1 f6 15. Qe2 fxe5 16. dxe5 Qe7 17. Na4 Bh6 18. Qd3 Rf7 19. g4 c5 20. Kh2 Rb8 21. c4 Qf8 22. Kg3 Kh8 23. b3 Kg8 24. Nc3 a5 25. Ne4 a4 26. bxa4 Ra8 27. Nc3 Ra6 28. a3 Bg7 29. Kg2 Bh6 30. Qe4 Bg7 31. Rb1 Kh8 32. Rb8 Bxe5 33. Rxe8 Qxe8 34. fxe5 Rxf1 35. Kxf1 Kg7 36. Bg5 h6 37. Qb7 Qc6 38. Qxc6 Rxc6 39. Bd8 h5 40. Nb5 1-0

[Event "IECG CB.2003.0.00099 email"]
[Site "IECG email"]
[Date "2003.11.30"]
[Round "?"]
[White "Bourgoin, Claude"]
[Black "Soley, A Kerim"]
[Result "0-1"]
[WhiteElo "1907"]
[BlackElo "1970"]
[PlyCount "84"]
[EventDate "2003.11.30"]
[EventType "tourn (corr)"]
[EventRounds "6"]
[SourceTitle "Corr 2008"]
[Source "ChessBase"]
[SourceDate "2008.06.24"]
[SourceVersion "1"]
[SourceVersionDate "2008.06.24"]
[SourceQuality "1"]

1. Nf3 d5 2. e3 c5 3. c4 d4 4. d3 Nc6 5. Be2 e5 6. e4 Bd6 7. 0-0 Nge7 8. Bg5 Be6 9. h4 h6 10. Bxe7 Bxe7 11. Qb3 Qd7 12. Nbd2 g5 13. h5 g4 14. Nh2 Rg8 15. Rfc1 g3 16. fxg3 Rxg3 17. Rf1 0-0-0 18. Rf2 Rdg8 19. Bf3 R3g7 20. Re2 Bg5 21. Qb5 Qd6 22. a3 Bd7 23. Qa4 Qe7 24. Rb1 Be3+ 25. Kh1 Qh4 26. b4 Bf4 27. Ndf1 Bg4 28. Bxg4+ Rxg4 29. bxc5 Qxh5 30. Qb3 Nd8 31. Qd1 Bxh2 32. Nxh2 Rh4 33. g4 Rgxg4 34. Rf2 Rg3 35. Qxh5 Rxh5 36. Rd1 Ne6 37. c6 Nf4 38. cxb7+ Kxb7 39. a4 Rhh3 40. Rdd2 h5 41. Rd1 Kc6 42. Rdd2 Rxd3 0-1

[Event "IECG CB.2003.0.00099 email"]
[Site "IECG email"]
[Date "2003.11.30"]
[Round "?"]
[White "Gralke, Wolfgang"]
[Black "Soley, A Kerim"]
[Result "0-1"]
[WhiteElo "1801"]
[BlackElo "1970"]
[PlyCount "68"]
[EventDate "2003.11.30"]
[EventType "tourn (corr)"]
[EventRounds "6"]
[SourceTitle "Corr 2008"]
[Source "ChessBase"]
[SourceDate "2008.06.24"]
[SourceVersion "1"]
[SourceVersionDate "2008.06.24"]
[SourceQuality "1"]

1. e4 c5 2. Nf3 Nc6 3. d4 cxd4 4. Nxd4 Nf6 5. Nc3 e5 6. Ndb5 d6 7. Nd5 Nxd5 8. exd5 Nb8 9. c4 a6 10. Nc3 Be7 11. Be2 0-0 12. 0-0 f5 13. Rb1 Nd7 14. b4 e4 15. Bf4 Bf6 16. Qd2 Ne5 17. c5 g5 18. Bxe5 Bxe5 19. Na4 f4 20. Nb6 Rb8 21. f3 exf3 22. Bxf3 Bf5 23. Rbc1 g4 24. Bd1 Qh4 25. Nc4 g3 26. h3 f3 27. Rxf3 Bd4+ 28. Kf1 dxc5 29. bxc5 Rbe8 30. Nd6 Bxh3 31. Nxe8 Rxe8 32. gxh3 Qxh3+ 33. Qg2 Re1+ 34. Kxe1 Qxg2 0-1

[Event "IECG CB.2003.0.00067 email"]
[Site "IECG email"]
[Date "2003.01.16"]
[Round "?"]
[White "Van Bommel, Ton"]
[Black "Soley, A Kerim"]
[Result "0-1"]
[WhiteElo "1864"]
[BlackElo "1900"]
[PlyCount "78"]
[EventDate "2003.11.30"]
[EventType "tourn (corr)"]
[EventRounds "6"]
[SourceTitle "Corr 2008"]
[Source "ChessBase"]
[SourceDate "2008.06.24"]
[SourceVersion "1"]
[SourceVersionDate "2008.06.24"]
[SourceQuality "1"]

1. e4 e5 2. Nf3 Nc6 3. Bb5 a6 4. Ba4 Nf6 5. 0-0 Be7 6. Re1 b5 7. Bb3 0-0 8. a4 Bb7 9. d3 d6 10. Nbd2 Na5 11. axb5 axb5 12. Ba2 c5 13. Nf1 Nc6 14. c3 Qb6 15. Ne3 Ra4 16. b3 Ra6 17. Nf5 Rfa8 18. Re2 Bf8 19. Bg5 Ne8 20. b4 Bc8 21. bxc5 dxc5 22. Ne3 Be6 23. Nd5 Qb7 24. Qb3 b4 25. Bc1 Bg4 26. Kh1 Qd7 27. Re3 Qa7 28. Re2 bxc3 29. Be3 Bxf3 30. gxf3 Nd4 31. Bxd4 cxd4 32. f4 Ra3 33. Qb6 exf4 34. Qxa7 R8xa7 35. Nxf4 Nc7 36. Kg2 g6 37. Nd5 Ne6 38. e5 R7a5 39. Nf6+ Kh8 0-1